| 000 | 00511nam a2200133Ia 4500 | ||
|---|---|---|---|
| 008 | 220217s9999 xx 000 0 und d | ||
| 245 | 0 | _aIndian Standards: Specification for rubber conveyor and elevator belting. Part III. Oil-resistant belting | |
| 260 | _aNew Delhi | ||
| 260 |
_c1971 _bIndian Standards Institution |
||
| 490 | _aPulleys and Belts Sectional Committee, EDC 42 | ||
| 500 | _aStandard number: IS 1891. Part III | ||
| 650 | _aRubber conveyor belt, elevator belt, oil resistant belt | ||
| 942 | _cST | ||
| 999 |
_c73609 _d73609 |
||